000 00551nam a2200217Ia 4500
003 OSt
005 20221007082857.0
006 a|||||r|||| 00| 0
007 ta
008 221006b |||||||| |||| 00| 0 eng d
024 _a33,386
037 _cDissertations
040 _aFLL
_cFLL
_beng
041 _2eng
_aeng
100 _aLather Dheeraj
_9699711
245 0 _aPardoning power of president
_b a critical review
260 _c2009
300 _aviii,144p
_ccm.
942 _cDIS
_2CC
999 _c1168044
_d1168044